[Event "WYg14"]
[Site "Heraklio GRE"]
[Date "2004.11.05"]
[Round "2"]
[White "Charochkina,D"]
[Black "Wiid,D"]
[Result "1-0"]
[WhiteElo "2160"]
[BlackElo "1997"]

1.e4 g6 2.d4 Bg7 3.Nc3 c6 4.Be3 d6 5.f4 Nd7 6.Qf3 Ngf6 7.O-O-O Qc7 8.h3 e5
9.dxe5 dxe5 10.f5 Nb6 11.g4 h6 12.Bc5 Nfd7 13.Bd6 Qd8 14.h4 g5 15.hxg5 Qxg5+
16.Kb1 Bf8 17.Rh5 Qg7 18.Bxf8 Rxf8 19.Qg3 Rg8 20.Be2 Nc5 21.Qe3 Ncd7 22.Rxh6 Qg5
23.Qxg5 Rxg5 24.Rh8+ Nf8 25.Nh3 Rg7 26.f6 Rg6 27.Rxf8+ Kxf8 28.Rd8+  1-0

[Event "TCh-BEL 2004-5"]
[Site "Belgium BEL"]
[Date "2004.11.07"]
[Round "3"]
[White "De Jonghe,B"]
[Black "Leenhouts,K"]
[Result "0-1"]
[WhiteElo "2277"]
[BlackElo "2334"]

1.e4 g6 2.d4 Bg7 3.Nc3 c6 4.Bc4 d6 5.Be3 Nf6 6.f3 d5 7.exd5 Nxd5 8.Nxd5 cxd5
9.Bb3 O-O 10.Qd2 Nc6 11.Ne2 Qd6 12.Bf4 Qd8 13.Bh6 Bxh6 14.Qxh6 Qb6 15.O-O-O a5
16.a4 Nb4 17.g4 Qf6 18.Nf4 b5 19.Nxd5 Nxd5 20.Bxd5 Rb8 21.Rhe1 bxa4 22.Qe3 Bb7
23.Bxb7 Rxb7 24.c4 Rc8 25.c5 Rxc5+ 26.Kb1 Rcb5 27.Re2 Qb6 28.Qc1 a3 29.Qc8+ Kg7
30.Rdd2 axb2  0-1

[Event "TCh-BEL 2004-5"]
[Site "Belgium BEL"]
[Date "2004.11.07"]
[Round "3"]
[White "Saltaev,M"]
[Black "Van Mil,J"]
[Result "1/2-1/2"]
[WhiteElo "2485"]
[BlackElo "2348"]

1.e4 g6 2.d4 Bg7 3.Nc3 c6 4.f4 d5 5.e5 Nh6 6.Nf3 f6 7.Bd3 Bg4 8.O-O O-O 9.Kh1 e6
10.Qe1 Bxf3 11.Rxf3 fxe5 12.fxe5 Rxf3 13.gxf3 Qf8 14.f4 Nf5 15.Qf2 Nd7 16.Ne2 Qe7  1/2-1/2

[Event "Open"]
[Site "Calcutta IND"]
[Date "2004.11.14"]
[Round "8"]
[White "Saptarshi,R"]
[Black "Rahman,Zia"]
[Result "1/2-1/2"]
[WhiteElo "2425"]
[BlackElo "2535"]

1.e4 g6 2.d4 Bg7 3.Nc3 c6 4.Be3 Qb6 5.Rb1 d6 6.Qd2 Nf6 7.f3 Nbd7 8.Bc4 Qc7
9.a4 O-O 10.Nge2 d5 11.Bb3 dxe4 12.Nxe4 Nxe4 13.fxe4 e5 14.O-O Nf6 15.dxe5 Qxe5
16.Bd4 Nxe4 17.Qe3 Qe8 18.Rbe1 Nd6 19.Qf4 Nf5 20.Bc5 Bh6 21.Qb4 Be3+ 22.Kh1 Bxc5
23.Qxc5 Qd8 24.Nc3 Be6 25.Bxe6 fxe6 26.Qe5 Qe7 27.g4 Nd6 28.Rxf8+ Rxf8 29.Qxe6+ Qxe6
30.Rxe6 Nc4 31.b3 Rf1+ 32.Kg2 Rc1 33.bxc4 Rxc2+ 34.Ne2 Rxc4 35.Re7 Rxg4+
36.Kf3 Rb4 37.Nf4 Rb3+ 38.Kg4 Rb4 39.h4 a5 40.Kf3 b5  1/2-1/2

[Event "Acropolis GM"]
[Site "Athens GRE"]
[Date "2004.11.19"]
[Round "4"]
[White "Tzermiadianos,And"]
[Black "Shavtvaladze,N"]
[Result "1-0"]
[WhiteElo "2453"]
[BlackElo "2430"]

1.e4 g6 2.d4 Bg7 3.Nc3 c6 4.f4 d5 5.e5 Nh6 6.Nf3 f6 7.h3 Nf5 8.Bd3 Ng3 9.Rg1 Bf5
10.Bxf5 gxf5 11.Nh4 e6 12.Qf3 fxe5 13.Qxg3 Bf6 14.Nf3 e4 15.Ng5 h6 16.Ne2 hxg5
17.fxg5 Bg7 18.Bf4 Nd7 19.O-O-O c5 20.Bc7 Qe7 21.Bd6 Qf7 22.dxc5 Rc8 23.Nd4 a6
24.Rgf1 Nxc5 25.Bxc5 Rxc5 26.Qb8+ Kd7 27.Qxb7+ Rc7 28.Qxa6 Bxd4 29.Qa4+ Ke7
30.Qxd4 Rhc8 31.c3 Rc5 32.h4 Kd6 33.Kb1 Qb7 34.Qf6 Rb8 35.Rd2 e3 36.Rc2 Qb5
37.Rd1 Rc4 38.g6 Re4 39.g7 e2 40.Re1  1-0

[Event "1st Master Rapid Open"]
[Site "Benidorm ESP"]
[Date "2004.11.20"]
[Round "3"]
[White "Renteria,J"]
[Black "Perez Garcia,R"]
[Result "1/2-1/2"]
[WhiteElo "2259"]
[BlackElo "2164"]

1.e4 g6 2.d4 Bg7 3.Nc3 c6 4.h3 d5 5.Nf3 dxe4 6.Nxe4 Bf5 7.Ng3 Be6 8.c3 Nf6
9.Ng5 Bc8 10.Bc4 O-O 11.O-O Nd5 12.Bb3 Nd7 13.Re1 N7f6 14.Qe2 e6 15.Nf3 b6
16.Ne5 Bb7 17.Bg5 h6 18.Bd2 Qe7 19.Rad1 Rad8 20.Bc1 c5 21.dxc5 Qxc5 22.c4 Nc7
23.a3 Ne4 24.Nxe4 Qxe5 25.f4 Qxe4 26.Qxe4 Bxe4 27.Rxd8 Rxd8 28.Rxe4 Na6 29.Bc2 Nc5
30.Re2 Nd3 31.Bxd3 Rxd3 32.Rc2 f5 33.b4 Kf7 34.c5 bxc5 35.bxc5 Rc3 36.Rxc3 Bxc3
37.Be3 Ke7 38.c6 a6 39.Bc5+ Kd8 40.Bb6+ Kc8 41.Kf2 Bd2 42.Kf3 h5  1/2-1/2

[Event "ch-ROM w KO"]
[Site "Brasov ROM"]
[Date "2004.11.21"]
[Round "1.2"]
[White "Vasiesiu,C"]
[Black "Bogza,A"]
[Result "1-0"]
[WhiteElo "2171"]
[BlackElo "2294"]

1.e4 g6 2.d4 Bg7 3.Nc3 c6 4.Nf3 d6 5.Be3 b5 6.Bd3 Nf6 7.Qd2 Ng4 8.Bg5 h6
9.Bh4 O-O 10.h3 Nf6 11.O-O-O b4 12.Ne2 Qa5 13.Kb1 Ba6 14.g4 Bxd3 15.cxd3 Nbd7
16.g5 hxg5 17.Bxg5 Rfe8 18.Bh6 Bh8 19.Rdg1 Rab8 20.h4 Qh5 21.Rh3 Ng4 22.Bg5 e5
23.Ng3 Qh7 24.h5 f6 25.Rgh1 Bg7 26.Rh4 fxg5 27.Nxg5 Qh6 28.hxg6 Qxg6 29.Rxg4 Nf6
30.Rgh4 exd4 31.Nf5 Re5 32.f4 Rxf5 33.exf5 Qxf5 34.Qh2 Kf8 35.Qg3 Re8 36.Nh7+ Nxh7
37.Rxh7 Re7 38.Rh8+ Kf7 39.R8h7 Qg6 40.Qh3 Re3 41.Qd7+ Re7 42.Qxc6 Qxd3+
43.Qc2 Qxc2+ 44.Kxc2 Kg6 45.R1h6+ Kf7 46.Rxd6 Kg8 47.Rh2 Re4 48.Rg2 Rxf4
49.Rdg6 Rf7 50.Kd3 Kf8 51.Rxg7 Rxg7 52.Rxg7 Kxg7 53.Kxd4 Kf6 54.Kc4 b3 55.Kxb3 Ke5
56.Kc4 Kd6 57.Kb5 Kc7 58.Ka6 Kb8 59.a3 Ka8 60.a4 Kb8 61.b4 Ka8 62.a5 Kb8
63.b5 Ka8 64.b6 axb6 65.axb6  1-0

[Event "10th It"]
[Site "Tuzla BIH"]
[Date "2004.11.21"]
[Round "5"]
[White "Tomic,Bos"]
[Black "Sprecic,M"]
[Result "1/2-1/2"]
[WhiteElo "2284"]
[BlackElo "2375"]

1.e4 g6 2.d4 Bg7 3.Nc3 c6 4.Nf3 d5 5.h3 dxe4 6.Nxe4 Nf6 7.Bd3 Nxe4 8.Bxe4 Nd7
9.O-O O-O 10.Re1 c5 11.c3 cxd4 12.Nxd4 Nc5 13.Bc2 e5 14.Nf3 Qc7 15.Be3 b6
16.Bxc5 Qxc5 17.Qe2 Bb7 18.Rad1 Rad8 19.Bb3 e4 20.Nd2 Rde8 21.Nc4 Rd8 22.Nd2 Rde8
23.Nc4 Rd8 24.Nd2 Rde8  1/2-1/2

[Event "10th It"]
[Site "Tuzla BIH"]
[Date "2004.11.22"]
[Round "6"]
[White "Budimir,Bor"]
[Black "Nurkic,S"]
[Result "0-1"]
[WhiteElo "2240"]
[BlackElo "2385"]

1.e4 g6 2.d4 Bg7 3.Nc3 c6 4.f4 d5 5.e5 h5 6.Be3 Nh6 7.h3 Nf5 8.Bf2 h4 9.Nf3 e6
10.Bd3 Bf8 11.O-O Be7 12.Qe2 b6 13.Nd1 Nd7 14.b3 b5 15.a4 b4 16.c4 bxc3 17.Qc2 Rb8
18.Qxc3 Qb6 19.Rb1 Kf8 20.Ne3 a5 21.Nxf5 gxf5 22.Rfc1 Bb7 23.Qc2 Kg7 24.Bxf5 exf5
25.Qxf5 Nf8 26.Qg4+ Ng6 27.f5 Bc8 28.e6 Bxe6 29.fxe6 f6 30.Qf5 Rbc8 31.Ne5 fxe5
32.dxe5 Qd8 33.Qf7+ Kh6  0-1

[Event "Lushki A"]
[Site "Serpukhov RUS"]
[Date "2004.11.24"]
[Round "8"]
[White "Chebotarev,O"]
[Black "Komliakov,V"]
[Result "1/2-1/2"]
[WhiteElo "2486"]
[BlackElo "2434"]

1.e4 g6 2.d4 Bg7 3.Nc3 c6 4.Nf3 d5 5.h3 Nf6 6.Bd3 dxe4 7.Nxe4 Nxe4 8.Bxe4 Bf5
9.Bxf5 Qa5+ 10.c3 Qxf5 11.O-O Qc8 12.Re1 e6 13.Ng5 O-O 14.Bf4 Qd8 15.Ne4 Nd7
16.Qf3 h6 17.Rad1 Qa5 18.a3 Qd5  1/2-1/2

[Event "10th It"]
[Site "Tuzla BIH"]
[Date "2004.11.24"]
[Round "10"]
[White "Marinkovic,Sl"]
[Black "Mrkonjic,N"]
[Result "1/2-1/2"]
[WhiteElo "2434"]
[BlackElo "2354"]

1.e4 g6 2.d4 Bg7 3.Nc3 c6 4.h3 d6 5.g3 Nf6 6.Bg2 O-O 7.Nge2 e5 8.Be3 Qc7
9.O-O b6 10.a4 Bb7 11.Re1  1/2-1/2

[Event "10th It"]
[Site "Tuzla BIH"]
[Date "2004.11.24"]
[Round "10"]
[White "Budimir,Bor"]
[Black "Sprecic,M"]
[Result "1/2-1/2"]
[WhiteElo "2240"]
[BlackElo "2375"]

1.e4 g6 2.d4 Bg7 3.Nc3 c6 4.f4 d5 5.e5 Nh6 6.Nf3 O-O 7.Be2 f6 8.O-O Re8 9.a4 Nd7
10.Qe1 Nf8 11.Nd1 a5 12.Kh1 Be6 13.Qc3 Qc8 14.b4 axb4 15.Qxb4 Nd7 16.c4 dxc4
17.Bxc4 Nf8 18.Ne3 b5 19.Bxe6+ Nxe6 20.d5 c5 21.Qxb5 Rb8 22.Qc4 Rb4 23.Qc2 Nd4
24.Nxd4 cxd4 25.Qd2 Qb7 26.Nc2 Qa6 27.Re1 Rxa4 28.Rxa4 Qxa4 29.Nxd4 fxe5
30.Ne6 exf4 31.Nxg7 Kxg7 32.Qxf4 Qxf4 33.Bxf4 Nf7 34.Kg1 Kf8  1/2-1/2

[Event "17th Belgrade Trophy"]
[Site "Obrenovac SCG"]
[Date "2004.11.25"]
[Round "4"]
[White "Paulic,B"]
[Black "Begovic,I"]
[Result "0-1"]
[WhiteElo "2239"]
[BlackElo "1957"]

1.e4 c6 2.d4 g6 3.Nc3 Bg7 4.Be3 d6 5.Qd2 Qa5 6.a3 Nd7 7.b4 Qc7 8.f4 e5 9.fxe5 dxe5
10.d5 Ngf6 11.d6 Qd8 12.Nf3 Ng4 13.Bg1 O-O 14.h3 Bh6 15.Qd3 Ngf6 16.g4 Bf4
17.Bf2 a5 18.b5 a4 19.Rb1 c5 20.Bg2 c4 21.Qxc4 Nb6 22.Qc5 Nfd7 23.Qb4 f5
24.gxf5 gxf5 25.Rd1 Kh8 26.exf5 Nf6 27.d7 Nbxd7 28.Nd2 Rg8 29.Bf3 Qe8 30.Nde4 Qf7
31.Nd6 Qf8 32.Nce4 Nxe4 33.Bxe4 Nf6 34.Ke2 Nxe4 35.Qxe4 Rg5 36.Qd5 Rxf5 37.Rhg1 Rf6
38.Nf7+ Rxf7 39.Bc5 Qe8 40.Bd6 Bf5 41.Rdf1 Rd8 42.c4 h6 43.Ke1 Rf6 44.Rxf4 exf4+  0-1

[Event "Petrosian Mem Open"]
[Site "Yerevan ARM"]
[Date "2004.11.25"]
[Round "7"]
[White "Lomineishvili,M"]
[Black "Azaladze,S"]
[Result "1-0"]
[WhiteElo "2429"]
[BlackElo "2233"]

1.d4 g6 2.e4 Bg7 3.Nc3 c6 4.Nf3 d6 5.a4 a5 6.h3 Nf6 7.Be2 O-O 8.O-O Nbd7
9.Bg5 h6 10.Be3 e5 11.Qd2 Kh7 12.Rad1 Qe7 13.Rfe1 Re8 14.Bf1 b6 15.dxe5 dxe5
16.Qd6 Bb7 17.Qxe7 Rxe7 18.Nd2 Rb8 19.f3 Bc8 20.Nc4 Bf8 21.Nd6 Ne8 22.Bc4 Kg7
23.Rd2 Nc5 24.Bxc5 bxc5 25.Nxc8 Rxc8 26.Red1 Rec7 27.Ne2 Be7 28.Rd3 Rb8 29.b3 Kf8
30.Ng3 Rcc8 31.Rd7 Rd8 32.Ba6 Nd6 33.Rxd8+ Rxd8 34.Nf1 Bg5 35.g3 h5 36.h4 Bh6
37.Rd3 Ke7 38.Rc3 Ra8 39.Be2 Nb7 40.Kf2 Bc1 41.Ne3 Bb2 42.Rd3 Bd4 43.Kf1 Nd6
44.Nd1 c4 45.bxc4 Rb8 46.c5 Ne8 47.Kg2 Nc7 48.Ne3 Bxe3 49.Rxe3 Ne6 50.Rb3 Rxb3
51.cxb3 Nxc5 52.Bc4 Ne6 53.Kf2 Nd4 54.Ke3 f6 55.f4 c5 56.Bd5 Kf8 57.Kd3 Ke7
58.fxe5 fxe5 59.Kc4 Ne2 60.Kb5 Nxg3 61.Kxa5 g5 62.Kb6 gxh4 63.a5 h3 64.a6 h2
65.a7 h1=Q 66.a8=Q Qe1 67.Qh8 Qf2 68.Qg7+ Kd8 69.Kc6 Ke8 70.Kc7  1-0

[Event "Lushki A"]
[Site "Serpukhov RUS"]
[Date "2004.11.26"]
[Round "10"]
[White "Papin,V"]
[Black "Komliakov,V"]
[Result "1-0"]
[WhiteElo "2411"]
[BlackElo "2434"]

1.e4 g6 2.d4 Bg7 3.Nc3 c6 4.Nf3 d5 5.h3 Nf6 6.e5 Ne4 7.Nxe4 dxe4 8.Ng5 c5
9.d5 Bxe5 10.Nxe4 O-O 11.c3 Nd7 12.Bh6 Bg7 13.Bxg7 Kxg7 14.Be2 f5 15.Nxc5 Nxc5
16.Qd4+ e5 17.Qxc5 b6 18.Qc6 Rb8 19.Rd1 Rf6 20.Qa4 a6 21.Qc2 Qd6 22.O-O g5
23.c4 Bd7 24.Qd2 a5 25.Qxg5+ Rg6 26.Qe3 f4 27.Qc3 Kh6 28.Bd3 Rg5 29.Be4 Rbg8
30.Kh1 Be8 31.Rg1 Bh5 32.Rde1 Qc5 33.Qc2 Qc8 34.Kh2 Bg4 35.Qc3 Bd7 36.g4 Qc5
37.Rg2 Qd6 38.f3 Kg7 39.Bc2 Re8 40.Rge2 Kf7 41.Kg2 Qf6 42.c5 bxc5 43.Qxc5 h5
44.Qc7 hxg4 45.hxg4 Re7 46.d6 Rxg4+ 47.fxg4 f3+ 48.Kg1 Qh4 49.Bb3+ Kg7 50.dxe7 Qg3+
51.Kf1 fxe2+ 52.Rxe2 Qf4+ 53.Ke1  1-0

[Event "TCh-SLO"]
[Site "Celje SLO"]
[Date "2004.12.05"]
[Round "9"]
[White "Burnazovic,E"]
[Black "Guid,M"]
[Result "1/2-1/2"]
[WhiteElo "2378"]
[BlackElo "2258"]

1.d4 g6 2.Nc3 Bg7 3.e4 c6 4.Bc4 b5 5.Bb3 b4 6.Nce2 d5 7.exd5 cxd5 8.Nf3 Nf6
9.O-O O-O 10.Nf4 a5  1/2-1/2

[Event "Asian U14"]
[Site "Singapore SIN"]
[Date "2004.12.13"]
[Round "4"]
[White "Huang,J"]
[Black "Narayanan,K"]
[Result "0-1"]
[WhiteElo "2060"]
[BlackElo "2068"]

1.e4 g6 2.d4 Bg7 3.Nc3 c6 4.f4 d5 5.e5 h5 6.Nf3 Bg4 7.h3 Bxf3 8.Qxf3 e6 9.Be3 Qb6
10.Rb1 h4 11.Bd3 Ne7 12.O-O Bf8 13.Ne2 Na6 14.c3 Nf5 15.Rfc1 Be7 16.Bf2 Qc7
17.Kh1 Qd7 18.Ng1 Nc7 19.Qe2 Qd8 20.Nf3 Kd7 21.b3 Rh6 22.c4 Qh8 23.c5 a6
24.b4 Rh5 25.Qd2 Qh6 26.a4 Ng3+ 27.Bxg3 hxg3 28.Kg1 Bd8 29.Rb3 Ne8 30.Rcb1 Ng7
31.b5 axb5 32.axb5 Nf5 33.bxc6+ bxc6 34.Bxf5 Rxf5 35.Qb4 Rc8 36.Qb7+ Rc7
37.Qa8 Qxf4 38.Rb8 Qe3+ 39.Kh1 Bg5 40.R8b7 Bd8 41.Rb8 Bg5 42.R1b7 Qe1+ 43.Ng1 Qxg1+
44.Kxg1  0-1

[Event "Master Open"]
[Site "Singapore SIN"]
[Date "2004.12.15"]
[Round "7"]
[White "Goh Weiming"]
[Black "Mok Tze Meng"]
[Result "1/2-1/2"]
[WhiteElo "2353"]
[BlackElo "2336"]

1.e4 g6 2.d4 Bg7 3.Nc3 c6 4.Nf3 d5 5.h3 Nf6 6.e5 Ne4 7.Nxe4 dxe4 8.Ng5 c5
9.dxc5 Qc7 10.Bc4 O-O 11.Nxe4 Qxe5 12.Qd5 Bf5 13.Qxe5 Bxe5 14.Bd5 Nc6 15.g4 Nb4
16.gxf5 Nxd5 17.fxg6 hxg6 18.Bh6 Bxb2 19.Rb1 Bg7 20.Bxg7 Kxg7 21.Rxb7 Rab8
22.Rxb8 Rxb8 23.Kd2 Rb4 24.Re1 Rd4+ 25.Kc1 f5 26.Nd2 Kf6 27.Nb3 Rf4 28.Rd1 Nc3
29.Rd7 Nxa2+ 30.Kb2 Nb4 31.Rxa7 Rxf2 32.Kc3 Nd5+ 33.Kd4 e6 34.c4 Rf4+ 35.Kd3 Rf3+
36.Kd2 Rxb3 37.cxd5 exd5 38.Rh7 d4 39.c6 Rc3 40.c7 g5 41.Ke2 Kg6 42.Rd7 Kh6
43.Kf2 Kg6 44.Ke2 Kf6 45.Kf2 Ke5 46.Ke2 Ke4 47.Kf2 Kf4 48.Rxd4+ Ke5 49.Rd7  1/2-1/2

[Event "It"]
[Site "Subotica SCG"]
[Date "2004.12.17"]
[Round "10"]
[White "Palkovi,J"]
[Black "Ardeleanu,A"]
[Result "1/2-1/2"]
[WhiteElo "2426"]
[BlackElo "2391"]

1.e4 g6 2.d4 Bg7 3.Nc3 c6 4.h3 d5 5.Nf3 dxe4 6.Nxe4 Bf5 7.Ng3 Nf6 8.Bc4 O-O
9.O-O Be4 10.Nxe4 Nxe4 11.Re1 Nd6 12.Bb3 Nd7 13.Bg5 Nf6 14.Qe2 h6 15.Bf4 Nf5
16.Rad1 e6 17.c3 Nd5 18.Bc1 Qc7 19.Ne5 Rad8 20.a4 a5 21.Bc2 Nfe7 22.Ng4 Kh7
23.h4 h5 24.Ne5 Kg8 25.Bg5 f6 26.Nf3 fxg5 27.Qxe6+ Kh8 28.Nxg5 Qf4 29.Rf1 Qxh4
30.Nf7+ Rxf7 31.Qxf7 Rf8 32.Qe6 Nf4 33.Qe4 Qg5 34.Qf3 Ned5 35.Rde1 h4 36.Re4 Kg8
37.Bd1 Qf5 38.Kh1 Qg5 39.Qg4 Qxg4 40.Bxg4 g5 41.g3 Nf6 42.Be6+ Nxe6 43.Rxe6 hxg3
44.fxg3 Nd5 45.Rxf8+ Kxf8  1/2-1/2

[Event "BC Masters"]
[Site "Bois Colombes FRA"]
[Date "2004.12.21"]
[Round "3"]
[White "Sulypa,A"]
[Black "Pietrasanta,J"]
[Result "1-0"]
[WhiteElo "2484"]
[BlackElo "2242"]

1.e4 g6 2.d4 Bg7 3.Nc3 c6 4.Nf3 d6 5.h3 Nd7 6.Be3 b5 7.Bd3 a6 8.a4 Bb7 9.O-O Qc7
10.Re1 e5 11.axb5 cxb5 12.Nd5 Qd8 13.dxe5 dxe5 14.Bd2 Bxd5 15.exd5 Ngf6 16.Nxe5 O-O
17.Nc6 Qb6 18.Ba5 Qb7 19.Qf3 Rfe8 20.d6 Kh8 21.Bc7 Nc5 22.Bf1 Ne6 23.Ne5 Qxf3
24.gxf3 Nxc7 25.dxc7 Kg8 26.Rxa6 Nd5 27.Rxa8 Rxa8 28.Bxb5 Nxc7 29.Bc4 Ra5
30.f4 Bh6 31.Nxf7 Bxf4 32.Re7 Nd5 33.Rd7 Nb6 34.Rd8+ Kg7 35.Bb3 Rf5 36.Nd6 Rg5+
37.Kf1 Rh5 38.Rg8+ Kf6 39.Rf8+ Ke5 40.Kg2 Bc1 41.Nf7+ Kf6 42.Rd8 Ke7 43.Rd6 Nd7
44.Re6+ Kf8 45.Nd6 Re5 46.Rxe5 Nxe5 47.Kg3 Bxb2 48.Kf4 Ke7 49.Ne4 Nd7 50.Ke3 Nf6
51.Nc5 Be5 52.Nd3 Bc7 53.c4 g5 54.Bd1 Ke6 55.Bg4+ Ke7 56.Bf5 h6 57.Kd4 Kd8
58.c5 Bh2 59.Kc4 Bc7 60.Nb4 Bf4 61.Kb5 Ne8 62.Nc6+ Kc7 63.Bg6 Nf6 64.Nb4 Bh2
65.f3 Kd8 66.Kc6 Ng8 67.Kb7 Ne7 68.Be4 Ng8 69.Nc6+ Ke8 70.Na7 Kd8 71.Bf5 Ne7
72.Be6 Bg1 73.c6 Bh2 74.Nb5 h5 75.c7+ Ke8 76.c8=Q+ Nxc8 77.Bxc8 Be5 78.Kc6 Ke7
79.Kd5 Kf6 80.Ke4 Bf4 81.Nc3 Bc1 82.Nd5+ Kg6 83.Bf5+ Kg7 84.Bd7 h4 85.Kf5 Kh6
86.Nf6 Bd2 87.Ng4+ Kg7 88.Ke6 Bc3 89.Ne3 Bd2 90.Nf5+ Kh7 91.Kf6 Bc1 92.Bc6 Bd2
93.Be4 Kh8 94.Kg6  1-0

[Event "BC Masters"]
[Site "Bois Colombes FRA"]
[Date "2004.12.22"]
[Round "4"]
[White "Apicella,M"]
[Black "Todorov,T"]
[Result "1-0"]
[WhiteElo "2543"]
[BlackElo "2509"]

1.e4 g6 2.d4 Bg7 3.Nc3 c6 4.Be3 d6 5.Qd2 b5 6.h4 Nf6 7.f3 h5 8.O-O-O Nbd7
9.Kb1 b4 10.Nce2 Qa5 11.Nc1 Rb8 12.Nh3 Ba6 13.Nb3 Qa4 14.Bxa6 Qxa6 15.Nf4 e6
16.e5 dxe5 17.dxe5 Nd5 18.Nxd5 cxd5 19.f4 Bf8 20.Qd3 Qb7 21.Bd4 Be7 22.g4 hxg4
23.h5 gxh5 24.f5 Qc6 25.Qe3 Rc8 26.c3 bxc3 27.Bxc3 Qa4 28.Bd4 Rc6 29.f6 Bf8
30.Rc1 Bh6 31.Rxc6 Qxc6 32.Qe1 Bf8 33.Qa5 Bh6 34.Qa3 Kd8 35.Qxa7 g3 36.Na5 Qc7
37.Nb7+ Kc8 38.Nd6+ Kd8 39.Nxf7+ Kc8 40.Qxc7+ Kxc7 41.Nxh8  1-0

[Event "Open"]
[Site "Pamplona ESP"]
[Date "2004.12.22"]
[Round "2"]
[White "Perez Perez,M"]
[Black "Perez,Rod"]
[Result "0-1"]
[WhiteElo "2026"]
[BlackElo "2422"]

1.e4 g6 2.d4 Bg7 3.Nc3 c6 4.Nf3 d5 5.e5 Bg4 6.h3 Bxf3 7.Qxf3 e6 8.Be3 Ne7
9.g4 O-O 10.O-O-O c5 11.Qg3 Nbc6 12.f4 cxd4 13.Bxd4 Nxd4 14.Rxd4 Nc6 15.Rd1 g5
16.Bd3 gxf4 17.Qxf4 Nxe5 18.h4 Rc8 19.h5 h6 20.Rh3 Qc7 21.Qd2 Nxg4 22.Qe2 Ne5
23.Rg1 f5 24.Nb5 Qb8 25.Rhg3 Rf7 26.Nd4 Re8 27.Bxf5 exf5 28.Nxf5 Rxf5 29.Rxg7+ Kf8
30.Qb5 Nc6 31.Qc5+ Ne7 32.Rg8+ Kf7 33.R8g7+ Kf6 34.b3 Qe5 35.Rh7 Rxh5 36.Qxa7 Qa1+
37.Kd2 Rh2+ 38.Kd3 Rh3+ 39.Ke2 Nc6+  0-1

[Event "Open A"]
[Site "Bethune FRA"]
[Date "2004.12.27"]
[Round "2"]
[White "Both,E"]
[Black "Petitcunot,Pi"]
[Result "0-1"]
[WhiteElo "2172"]
[BlackElo "2351"]

1.e4 g6 2.d4 Bg7 3.Nc3 c6 4.Nf3 d5 5.h3 Nh6 6.Be3 f6 7.Qd2 Nf7 8.O-O-O O-O
9.Kb1 a5 10.exd5 cxd5 11.Bb5 Na6 12.Rhe1 Nc7 13.Qe2 Nxb5 14.Qxb5 e6 15.Bf4 Nd6
16.Qd3 Ra6 17.a4 Bd7 18.Nd2 Re8 19.Bxd6 Rxd6 20.Nb3 b6 21.f4 Rc6 22.g4 Bf8
23.Re2 Re7 24.Qf3 Rf7 25.Rg1 Qc8 26.h4 Rc4 27.h5 g5 28.Qe3 Qd8 29.Rf1 Bh6
30.f5 exf5 31.gxf5 Bf8 32.Nd2 Rc8 33.Qf3 Bb4 34.Qxd5 Qf8 35.Rfe1 Kh8 36.Nde4 Rd8
37.Qb3 Bxf5 38.d5 Bg4 39.Rf2 h6 40.Qc4 f5 41.Qd4+ Qg7 42.Qxb6 Rff8 43.Nxg5 Rd6
44.Qxd6 Bxd6 45.Ne6 Qa7 46.Rg2 Rg8 47.Nb5 Qb6 48.Ned4 Qc5 49.Re6 Qxd5 50.Rxh6+ Kg7
51.Rg6+ Kh7 52.Nxf5 Bxf5 53.Rxg8 Qd1+ 54.Ka2 Be6+ 55.b3 Be5  0-1

[Event "31st Eastern Open"]
[Site "Washington DC USA"]
[Date "2004.12.27"]
[Round "3"]
[White "Getz,S"]
[Black "Ivanov,AV USA"]
[Result "1/2-1/2"]
[WhiteElo "2289"]
[BlackElo "2582"]

1.e4 g6 2.d4 Bg7 3.Nc3 c6 4.Nf3 d6 5.a4 Bg4 6.Be2 d5 7.Be3 e6 8.O-O Ne7 9.h3 Bxf3
10.Bxf3 O-O 11.Qd2 a5 12.Rad1 Nd7 13.Bh6 Qb6 14.Bxg7 Kxg7 15.b3 Rad8 16.exd5 exd5
17.Rfe1 Rfe8 18.Ne2 Ng8 19.Nf4 Ngf6 20.Qd3 Qb4 21.Kf1 Rxe1+ 22.Rxe1 Nc5 23.Qe3 Nce4
24.Nd3 Qc3 25.Bd1 Ne8 26.Ne5 N8d6 27.Qxc3 Nxc3 28.Be2 Nde4 29.Nf3 b5 30.Bd3 bxa4
31.bxa4 Rb8 32.Ne5 Nd2+ 33.Kg1 Rb6 34.Nd7 Rb7 35.Ne5 Rc7 36.Nf3 Nxf3+ 37.gxf3 Kf8
38.Ra1 Rb7 39.Ra3 Rb1+ 40.Kg2 Nd1 41.Be2 Ke7 42.Rd3 Nb2 43.Rb3 Re1 44.Bf1 Nxa4
45.Ra3 Nb2 46.Rxa5 Rc1 47.Rc5 Kd6 48.Ba6 Na4 49.Ra5 Nb6 50.Bd3 Nc8 51.Ra8 Ne7
52.Ra7 Ke6 53.Ra6 Kd6 54.Ra7 Rb1 55.Ra4 Rb7 56.f4 Ng8 57.f5 Nf6 58.fxg6 fxg6
59.Be2 Rb2 60.Bd3 Nh5 61.Kf3 Rb7 62.Ra6 Rf7+ 63.Ke3 Nf4 64.Bb5 Ng2+ 65.Ke2 Rc7
66.Kd2 Nf4 67.Bf1 Rb7 68.Ra1 g5 69.Ra8 Rb1 70.Bd3 Nxd3 71.cxd3 Rh1 72.Rg8 Rxh3
73.Rxg5 h5 74.Rg6+ Kc7 75.Rh6 h4 76.Ke2 Rh1 77.Rh7+ Kd6 78.Rh6+ Kd7 79.Rh7+ Kd6
80.Rh6+ Kd7  1/2-1/2

[Event "13th Donau Open"]
[Site "Aschach AUT"]
[Date "2004.12.28"]
[Round "4"]
[White "Ragger,M"]
[Black "Shengelia,D"]
[Result "1/2-1/2"]
[WhiteElo "2428"]
[BlackElo "2482"]

1.e4 c6 2.d4 g6 3.Nc3 Bg7 4.Nf3 a6 5.Bc4 Nf6 6.Qe2 d6 7.e5 dxe5 8.dxe5 Nd5
9.Bd2 Bg4 10.O-O-O e6 11.h3 Bxf3  1/2-1/2

[Event "20th Open"]
[Site "Nice FRA"]
[Date "2004.12.29"]
[Round "6"]
[White "Oliveira,Sa"]
[Black "Govciyan,P"]
[Result "0-1"]
[WhiteElo "2069"]
[BlackElo "2291"]

1.e4 g6 2.d4 Bg7 3.Nc3 c6 4.Bc4 d6 5.Nf3 Nf6 6.Bb3 O-O 7.Bg5 Qa5 8.Qd2 b5
9.e5 dxe5 10.dxe5 b4 11.exf6 bxc3 12.fxg7 cxd2+ 13.Bxd2 Qc7 14.gxf8=Q+ Kxf8
15.O-O-O Na6 16.Bh6+ Kg8 17.Ne5 Be6 18.f4 Bxb3 19.Rd7 Qa5 20.cxb3 f6 21.Nxc6 Qc5+  0-1

[Event "GM"]
[Site "Augsburg GER"]
[Date "2005.01.02"]
[Round "7"]
[White "Langheinrich,F"]
[Black "Rogers,I"]
[Result "1-0"]
[WhiteElo "2395"]
[BlackElo "2593"]

1.e4 g6 2.d4 Bg7 3.Nc3 c6 4.f4 d5 5.e5 h5 6.Nf3 Bg4 7.h3 Bxf3 8.Qxf3 e6 9.Bd3 h4
10.Be3 Nd7 11.O-O Ne7 12.Ne2 f5 13.b3 Qa5 14.c4 O-O-O 15.c5 g5 16.Rab1 Qxa2
17.Ra1 Qxb3 18.Bf2 g4 19.Qe3 g3 20.Be1 Nxc5 21.Nc1 Qb2 22.Ra2 Nxd3 23.Rxb2 Nxb2
24.Qa3 c5 25.Qxb2 c4 26.Na2 Nc6 27.Nb4 Nb8 28.Bc3 Rd7 29.Ra1 b6 30.Na6 Nxa6
31.Rxa6 Rhd8 32.Qb5 Rc7 33.Kf1 Bf8 34.Ke2 Be7 35.Ke3 Rdd7 36.Qa4 Bd8 37.Rxb6  1-0

[Event "Lidums Australian Open"]
[Site "Mount Buller AUS"]
[Date "2005.01.03"]
[Round "6"]
[White "Stojic,D"]
[Black "Ly,M"]
[Result "0-1"]
[WhiteElo "2025"]
[BlackElo "2056"]

1.e4 g6 2.d4 Bg7 3.Nc3 c6 4.Nf3 d5 5.e5 Bg4 6.h3 Bxf3 7.Qxf3 e6 8.Bd3 Nd7
9.h4 Ne7 10.h5 Nf5 11.hxg6 hxg6 12.Rxh8+ Bxh8 13.Qh3 Bg7 14.Ne2 Qa5+ 15.c3 O-O-O
16.g4 Rh8 17.Qf3 Nxd4 18.Nxd4 Nxe5 19.Qg3 Rh1+ 20.Ke2 Qa4 21.b3 Qa5 22.b4 Qa4
23.Bc2 Qa6+ 24.b5 cxb5 25.Bd3 Qa4 26.Nb3 Nxd3 27.Kxd3 Qe4+ 28.Kd2 Re1 29.Qd3 Rd1+
30.Kxd1 Qxd3+ 31.Bd2 b6 32.Rc1 Qf3+ 33.Ke1 Qxg4 34.Be3 Kb7 35.Nd4 a6  0-1

[Event "HSK IM"]
[Site "Hamburg GER"]
[Date "2005.01.07"]
[Round "8"]
[White "Guzman,E"]
[Black "Fries Nielsen,JO"]
[Result "1/2-1/2"]
[WhiteElo "2190"]
[BlackElo "2388"]

1.e4 g6 2.d4 Bg7 3.Nc3 c6 4.Be3 Qb6 5.Rb1 d6 6.h3 Nd7 7.Nf3 Qc7 8.Qd2 b5
9.Bd3 a6 10.Ne2 c5 11.c3 Ngf6 12.g4 Bb7 13.Ng3 h6 14.O-O Nb6 15.b3 h5 16.g5 Nfd7
17.Nh4 c4 18.Bc2 cxb3 19.axb3 Rc8 20.Ne2 e5 21.Rbc1  1/2-1/2

[Event "XXX Open"]
[Site "Seville ESP"]
[Date "2005.01.11"]
[Round "5"]
[White "Garcia Luque,A"]
[Black "Aranaz Portugues,J"]
[Result "1-0"]
[WhiteElo "2390"]
[BlackElo "2084"]

1.e4 g6 2.d4 Bg7 3.Nc3 c6 4.Nf3 d5 5.h3 dxe4 6.Nxe4 Nd7 7.Bc4 Ndf6 8.Nxf6+ Nxf6
9.O-O O-O 10.Re1 b5 11.Bb3 a5 12.a4 b4 13.Ne5 Bb7 14.Bg5 Nd5 15.Ng4 h5 16.Ne5 Qe8
17.Qd3 e6 18.Bd2 Qe7 19.Qg3 Rac8 20.Rad1 c5 21.Bg5 Qc7 22.dxc5 f6 23.c6 Bxc6
24.Nxc6 Qxg3 25.fxg3 Rxc6 26.Bf4 Nxf4 27.gxf4 Re8 28.Rd5 Ra8 29.Rxe6 Rxe6
30.Rd6 Kh7 31.Bxe6 h4 32.Kf2 Ra7 33.b3 Rc7 34.Bc4 Rc5 35.Ke3 Rc7 36.f5 gxf5
37.Kd4 Bf8 38.Rd5 Ra7 39.Bd3 Bh6 40.Rxf5 Kg7 41.Rh5 Rd7+ 42.Kc4 Re7 43.Rxa5  1-0

[Event "XXX Open"]
[Site "Seville ESP"]
[Date "2005.01.13"]
[Round "7"]
[White "Garrido Dominguez,J"]
[Black "Aranaz Portugues,J"]
[Result "1-0"]
[WhiteElo "2303"]
[BlackElo "2084"]

1.e4 g6 2.d4 Bg7 3.Nc3 c6 4.f4 d5 5.e5 Nh6 6.Nf3 Bg4 7.h3 Bxf3 8.Qxf3 f6
9.g4 Qb6 10.Qe3 fxe5 11.fxe5 Na6 12.Bd2 O-O 13.O-O-O e6 14.Na4 Qc7 15.Bxa6 bxa6
16.Nc5 Qc8 17.Qa3 Rf2 18.Rdf1 Qf8 19.Rxf2 Qxf2 20.Nxe6 Qg2 21.Rd1 Re8 22.Nxg7 Kxg7
23.Bxh6+ Kxh6 24.Qe3+ Kg7 25.Rg1 Qh2 26.Rf1 Rf8 27.Rxf8 Kxf8 28.b3 Qh1+ 29.Kb2 Qd1
30.Qf4+ Ke7 31.Qf6+ Kd7 32.e6+ Kd6 33.e7+ Kd7 34.Qe5 Ke8 35.Qf6 Kd7 36.Qf8 Qxd4+
37.c3  1-0

[Event "ch-Kiev"]
[Site "Kiev UKR"]
[Date "2005.01.15"]
[Round "1"]
[White "Ianovsky,A"]
[Black "Docenko,F"]
[Result "1-0"]
[WhiteElo "2328"]
[BlackElo "2104"]

1.e4 g6 2.d4 Bg7 3.Nc3 c6 4.h4 h5 5.Nh3 d5 6.e5 Nh6 7.Bg5 Bf5 8.Qd2 Nd7 9.O-O-O Nf8
10.f3 Ne6 11.Nf2 Qd7 12.Be2 Nxg5 13.hxg5 Ng8 14.g4 Be6 15.gxh5 gxh5 16.Rh4 Bf5
17.Rdh1 Bg6 18.f4 e6 19.Bxh5 Ne7 20.Bxg6 Nxg6 21.Rh7 Rxh7 22.Rxh7 Bf8 23.Ng4 O-O-O
24.Nf6 Qc7 25.f5 exf5 26.Ne2 Qe7 27.Nf4 Nxf4 28.Qxf4 Qe6 29.Qf3 Be7 30.Qh5 Bxf6
31.gxf6 Rd7 32.Qh6 Kc7 33.b4 b6 34.Rh8 Kb7 35.Qf8 Ka6 36.a4 Rc7 37.Qb8 Qd7
38.Rd8 Rb7 39.Rxd7 Rxb8 40.Rxf7  1-0